<?xml version="1.0" encoding="UTF-8"?>
<record
    xmlns:xsi="http://www.w3.org/2001/XMLSchema-instance"
    xsi:schemaLocation="http://www.loc.gov/MARC21/slim http://www.loc.gov/standards/marcxml/schema/MARC21slim.xsd"
    xmlns="http://www.loc.gov/MARC21/slim">

  <leader>00714nam a22001811a 4500</leader>
  <controlfield tag="003">NEGST</controlfield>
  <controlfield tag="005">20110718123903.0</controlfield>
  <controlfield tag="008">030712s1981                  001 0 eng d</controlfield>
  <datafield tag="100" ind1="1" ind2=" ">
    <subfield code="a">Lutjens, Ronald George.</subfield>
  </datafield>
  <datafield tag="245" ind1="1" ind2="4">
    <subfield code="a">The Pauline sarx/pneuma antithesis :</subfield>
    <subfield code="b">a comparison of Galatians 5:13-26 and Romans 7:14-25 /</subfield>
    <subfield code="c">by Ronald George Lutjens.</subfield>
  </datafield>
  <datafield tag="260" ind1=" " ind2=" ">
    <subfield code="a">[S.l.] :</subfield>
    <subfield code="b">[s.n.],</subfield>
    <subfield code="c">1981.</subfield>
  </datafield>
  <datafield tag="300" ind1=" " ind2=" ">
    <subfield code="a">xiv, 389p.</subfield>
  </datafield>
  <datafield tag="500" ind1=" " ind2=" ">
    <subfield code="a">Thesis (M.A.) Trinity Evangelical Divinity School, 1981. Bibliography: p.376-389.</subfield>
  </datafield>
  <datafield tag="590" ind1=" " ind2=" ">
    <subfield code="a">Accession number: 23811</subfield>
  </datafield>
  <datafield tag="630" ind1="0" ind2="0">
    <subfield code="a">Bible. N.T. Romans 7:14-25</subfield>
    <subfield code="x">Criticism, interpretation, etc.</subfield>
  </datafield>
  <datafield tag="630" ind1="0" ind2="0">
    <subfield code="a">Bible. N.T. Galatians 5:13-26</subfield>
    <subfield code="x">Criticism, interpretation, etc.</subfield>
  </datafield>
  <datafield tag="999" ind1=" " ind2=" ">
    <subfield code="c">18431</subfield>
    <subfield code="d">18431</subfield>
  </datafield>
  <datafield tag="952" ind1=" " ind2=" ">
    <subfield code="0">0</subfield>
    <subfield code="1">0</subfield>
    <subfield code="2">lcc</subfield>
    <subfield code="4">0</subfield>
    <subfield code="7">0</subfield>
    <subfield code="8">GEN</subfield>
    <subfield code="a">CPL</subfield>
    <subfield code="b">CPL</subfield>
    <subfield code="c">GEN</subfield>
    <subfield code="d">2009-08-10</subfield>
    <subfield code="g">40.00</subfield>
    <subfield code="l">0</subfield>
    <subfield code="o">BS 2665.3.L88 1991</subfield>
    <subfield code="p">R02007Y3232</subfield>
    <subfield code="r">2011-09-02 00:00:00</subfield>
    <subfield code="w">2009-08-10</subfield>
    <subfield code="y">BK</subfield>
  </datafield>
</record>
